000 00510nam a2200193 a 4500
001 1774863791120
003 YourLibrary
005 20260330151549.0
008 260330s1998##################000#0#eng##
020 _a9781855219533
082 0 4 _a362.1
_bMAC
100 1 _aMcKie, John,
_eauthor.
245 1 0 _aThe Allocation of Health Care Resources :
260 _bRoutledge,
_c1998.
300 _a172 pages
650 0 _aBusiness & Economics.
942 _cENGLISH
040 _aYourLibrary
_beng
_cYourLibrary
999 _c618170
_d618170